| 000 | 00710nam a2200181Ia 4500 | ||
|---|---|---|---|
| 008 | 151202s9999||||xx |||||||||||||| ||und|| | ||
| 082 | _bPNVM-47355 | ||
| 100 | _aपुरंदरे काकासाहेब. | ||
| 245 | _aचाणक्य नीती ते शरदनीती. | ||
| 260 | _b"दर्पण प्रकाशन, मुंबई." | ||
| 260 | _c2002 | ||
| 300 | _a118 | ||
| 600 | _aपुरंदरे काकासाहेब. | ||
| 630 | _aचाणक्य नीती ते शरदनीती. | ||
| 700 | _aपुरंदरे काकासाहेब. | ||
| 730 | _aचाणक्य नीती ते शरदनीती. | ||
| 942 | _cBOOK | ||
| 999 |
_c1313305 _d1313302 |
||